00806nam a2200217 i 45000010017000000030004000170050017000210080041000380200030000790400035001090500020001441000035001642450100001992600069002993000045003683360026004133370028004393380027004675040051004946500043005451CR9781139046749OSt20250502114529.0110304s2023||||enk o ||1 0|eng|d z9780521864879 (hardcover) aUkCbUPbengerdacUkCbUPdNUST00aQD381.9.E38 MUT1 aMuthukumar, MurugappaneAuthor10aPhysics of charged macromolecules :bsynthetic and biological systems /cMurugappan Muthukumar. aCambridge ; New York, NY : bCambridge University Press, c2023. axi, 505 pages :bIllustrations ;c25 cm. atextbtxt2rdacontent aunmediatedbn2rdamedia avolumebnc2rdacarrier aIncludes bibliographical references and index. 0vMacromolecules -- Electric properties.